CLT organizada 7® Ediȯ̂ 2015

Bibliographic Details
Main Author: Gravat,̀ Isabelli
Other Authors: Antunes, Leandro, Aidar, Leticia, Belfort, Simone
Format: eBook
Language:Portuguese
Published: San Pablo: LTR Editora, 2015
Subjects:
Online Access:Acceso restringido

MARC

LEADER 00000nam a22000007a 4500
005 20150519003813.0
007 cr|||| ||||
008 150519s2015 br |||||s|||| 00||0 por d
020 |a 978-85-361-8323-7 
035 |a 12708 
040 |a vLex 
090 |c 5447  |d 5447 
100 1 |a Gravat,̀ Isabelli 
245 1 0 |a CLT organizada  |h [Recurso electrn̤ico] /  |c Isabelli Gravat,̀ Leandro Antunes, Leticia Aidar, Simone Belfort  |n 7® Ediȯ̂ 2015 
256 |a Servicio en ln̕ea 
260 |a San Pablo:  |b LTR Editora,  |c 2015 
300 |a 1 recurso electrn̤ico 
500 |a A CLT Organizada ̌uma obra que oferece ao profissional e ao estudante de Direito a seguranȧ necessr̀ia para consultar uma legislaȯ̂ atualizada e completa, em que junto a cada artigo da norma consolidada j ̀se encontram todas as remisse̳s detalhadas, com a transcriȯ̂ dos artigos correspondentes da Constituiȯ̂ da Repb︢lica Federativa do Brasil de 1988, do Cd̤igo Civil, do Cd̤igo de Processo Civil, das legislaė̳s esparsas, bem como das Sm︢ulas de diversos Tribunais e Sm︢ulas regionais Orientaė̳s e Precedentes Normativos do TST. A obra nô contm̌ nenhuma remissô doutrinr̀ia. Nosso trabalho se ateve ̉reuniô e ̉organizaȯ̂ de textos legais. Tivemos o cuidado de elaborar uma obra que ofereȧ conforto para quem a consulta, pois ao invš de folhear cansativamente a CLT para encontrar as legislaė̳s e as Sm︢ulas pertinentes aos assuntos em leitura, o operador do Direito tem remisse̳s transcritas no prp̤rio texto consolidado, em um n︢ico volume, de forma organizada e com todas as refern̊cias legais por tema, otimizando, entô, seus estudos e trabalho. Este foi um projeto desafiador e, por isso, esperamos, sinceramente, atender s̉ expectativas de todos, pois o trabalho foi feito com muito carinho e dedicaȯ̂ para que vocs̊ possam consultar uma legislaȯ̂ completa e de qualidade. 
506 1 |a Disponible solo en los productos indicados  |d vLex Global  |d vLex Global (Academic Edition, excluding Law Schools)  |d vLex Global (U.S. Academic Edition, Law Schools)  |d vLex Global (U.S. Academic Edition, excluding Law Schools)  |d vLex Global (Academic Edition, Law Schools) 
650 0 4 |a Derecho Civil  |z Brasil 
650 0 4 |a Derecho Laboral y Seguridad Social  |z Brasil 
650 0 4 |a Derecho Procesal  |z Brasil 
650 0 4 |a Procedimiento Laboral  |z Brasil 
650 0 4 |a Procedimiento Civil  |z Brasil 
700 1 |a Antunes, Leandro 
700 1 |a Aidar, Leticia 
700 1 |a Belfort, Simone 
740 0 |a vLex Libros (Servicio en ln̕ea) 
856 4 0 |u http://vlex.com/source/clt-organizada-7-edi-o-2015-12708  |z Acceso restringido 
942 |c BOOK 
999 0 |a Civil Law 
999 0 |a Labor and Social Security 
999 0 |a Litigation 
999 0 |a Labour Procedure 
999 0 |a Civil Procedure